Geografia na literę A po obrazku - Statystyki

Ogólne statystyki
  • Ten quiz został rozwiązany 59 razy
  • Średni wynik to 6 z 9
Statystyki odpowiedzi
Obrazkowy Odpowiedź % Poprawnych
Albania
93%
Ateny
91%
Antarktyda
89%
Amazon
88%
Amsterdam
74%
Australia
54%
Aleksandria
30%
Agra
25%
Ararat
9%
Nie znaleziono quizów pasujących do podanych kryteriów
Rozkład punktacji
Procent ludzi z każdym wynikiem
Percentyl według liczby udzielonych odpowiedzi
Twoja historia wyników
Nie rozwiązałeś tego quizu